Airlines Tile Quiz #1 - Statistics

General Stats
  • This quiz has been taken 27 times
  • The average score is 8 of 12
Answer Stats
Question Tile Select % Correct
Airlines from Canada No
100%
Airlines from Canada No
100%
Airlines from Canada Yes
100%
Airlines from Canada No
96%
Airlines from Canada Yes
91%
Airlines from Canada No
91%
Airlines that have over 50 million flight attendants Yes
83%
Airlines that have over 50 million flight attendants No
52%
Airlines that have over 50 million flight attendants No
43%
Airlines that have over 50 million flight attendants Yes
35%
Airlines that have over 50 million flight attendants No
22%
Airlines that have over 50 million flight attendants Yes
17%
No matching quizzes found
Score Distribution
Percent of People with Each Score
Percentile by Number Answered
Your Score History
You have not taken this quiz